| 000 | 00633nam a2200193 ar4500 | ||
|---|---|---|---|
| 001 | 2423 | ||
| 005 | 20221127090433.0 | ||
| 008 | 110126s xxka 00010|eng d | ||
| 020 |
_a9780582328419 : _cSR97.00 |
||
| 082 | 0 | 4 |
_a428.2402465 _bP641 2000 |
| 100 | 1 | _aPilbeam, Adrian. | |
| 245 | 1 | 0 |
_aMarket leader : _binternational management / _cAdrian Pilbeam. |
| 260 |
_aHarlow, England : _bPearson/Financial Times, _c2000 |
||
| 300 |
_a96 p. : _bill. ; _c25 cm. |
||
| 500 | _aBusiness English. | ||
| 650 | 4 |
_aEnglish language _xBusiness English. |
|
| 650 | 4 |
_aEnglish language _xStudy and teaching. |
|
| 650 | 4 |
_aEnglish language _vTextbooks. |
|
| 999 |
_c2421 _d2421 |
||